| 000 | 01483cam a2200313 a 4500 | ||
|---|---|---|---|
| 003 | OSt | ||
| 005 | 20200805102015.0 | ||
| 008 | 910410s19860000ck gr 0 spa d | ||
| 015 | _aSSS | ||
| 040 |
_aCO-BoPUJ _cCO-JMCR |
||
| 041 | 0 | _aspa | |
| 082 | 0 | 4 |
_a342.986 / _bV999p _223 |
| 100 | 1 |
_aVázquez Carrizosa, Alfredo _eautor _d1909-2001 _98411 |
|
| 245 | 1 | 3 |
_aEl poder presidencial en Colombia : _bla crisis permanente del derecho constitucional / _cAlfredo Vazquez Carrizosa |
| 250 | _aTercera edición | ||
| 260 |
_aBogotá : _bSuramericana, _c1986. |
||
| 300 |
_a524 páginas ; _c20 cm. |
||
| 490 | 0 | _aColección Alfredo Vázquez Carrizosa. | |
| 500 | _aDatos biográficos del autor en tapa posterior. | ||
| 520 | 0 | _aEsta obra estudia la institución presidencial dentro del contexto de la evolución del estado del derecho, desde la independencia hasta nuestros días, con la soltura de estilo de ensayo político y una escrupulosa documentación. El autor presenta el cuadro polémico de la relación poder-derecho en el ejercicio efectivo del mando estatal. | |
| 650 | 2 | 4 |
_aReformas constitucionales _zColombia _98119 |
| 650 | 2 | 4 |
_aEstado de sitio _zColombia _98412 |
| 650 | 2 | 4 |
_aPoder ejecutivo _xHistoria _zColombia _98413 |
| 650 | 2 | 4 |
_aPoderes de emergencia _zColombia _98414 |
| 651 | 2 | 4 |
_aColombia _xDerecho constitucional _98137 |
| 651 | 2 | 4 |
_aColombia _xHistoria constitucional _97710 |
| 740 | 3 | _aLa crisis permanente del derecho constitucional | |
| 942 |
_2ddc _cBK |
||
| 999 |
_c6778 _d6778 |
||